00633nam a2200193Ia 4500008004100000020001800041020001400059082001600073082001700089245007100106245006900177250004300246260001400289260003500303260000900338700002100347700005200368999001900420210417s9999 xx 000 0 und d a9780750684774 b750684771 a658.404 MEL b2.658.404MEL 0aProject benefits management : linking your project to the business 0cProject benefits management linking your project to the business b"xviii, 215 p. : ill. ; 25 cm. ; pbk." aAmsterdam bElsevier/Butterworth-Heinemann c2008 a"Melton, Trish." b"Trish Melton, Peter Iles-Smith, Jim Yates. " c436883d436883